LEADER 03148nam 2200637Ia 450 001 9910783074903321 005 20230422043159.0 010 $a90-272-9931-5 010 $a0-585-46177-5 010 $a1-282-25474-X 010 $a9786612254741 010 $a90-272-1837-4 035 $a(CKB)1000000000003873 035 $a(SSID)ssj0000176189 035 $a(PQKBManifestationID)11170546 035 $a(PQKBTitleCode)TC0000176189 035 $a(PQKBWorkID)10223479 035 $a(PQKB)11227071 035 $a(MiAaPQ)EBC622673 035 $a(Au-PeEL)EBL622673 035 $a(CaPaEBR)ebr5000144 035 $a(OCoLC)228040440 035 $a(EXLCZ)991000000000003873 100 $a20000413d2000 uy 0 101 0 $aeng 135 $aurcn||||||||| 181 $ctxt 182 $cc 183 $acr 200 00$aIdeology, politics, and language policies$b[electronic resource] $efocus on English /$fedited by Thomas Ricento 210 $aAmsterdam ;$aPhiladelphia $cJohn Benjamins Pub.$dc2000 215 $aviii, 197 p 225 1 $aImpact, studies in language and society ;$v6 300 $aBibliographic Level Mode of Issuance: Monograph 311 $a90-272-1836-6 311 $a1-55619-669-5 320 $aIncludes bibliographical references p. [173]-193 and index. 327 $aMachine generated contents note: Preface -- List of Contributors -- 1. Ideology, Politics and Language Policies: Introduction -- Thomas Ricento -- 2. Historical and Theoretical Perspectives in Language Policy and -- Planning -- Thomas Ricento -- 3. Language Policies as Virtual Realities: Two Australian Examples -- Helen Moore -- 4. Language, Ideology and Hindsight: Lessons from Colonial -- Language Policies -- Alastair Pennycook -- 5. Continuity and Change in the Function of Language Ideologies in -- the United States -- Terrence G. Wiley -- 6. English in the New World Order: Variations on a Theme of -- Linguistic Imperialism and "World" English -- Robert Phillipson -- 7. English, Politics, Ideology: From Colonial Celebration to -- Postcolonial Performativity -- Alastair Pennycook -- 8. Negotiating Ideologies through English: Strategies from the -- Periphery -- A. Suresh Canagarajah 9. Ideology and Policy in the Politics of the English Language in -- North India -- Selma K. Sonntag -- 10. Mixed Motives: Ideological Elements in the Support for English -- in South Africa -- Stanley G.M. Ridge -- References -- Index. 410 0$aImpact, studies in language and society ;$v6. 606 $aLanguage policy$zEnglish-speaking countries 606 $aLanguage and languages$xPolitical aspects 606 $aEnglish language$xPolitical aspects 606 $aIdeology 615 0$aLanguage policy 615 0$aLanguage and languages$xPolitical aspects. 615 0$aEnglish language$xPolitical aspects. 615 0$aIdeology. 676 $a306.44/9 701 $aRicento$b Thomas$0849223 801 0$bMiAaPQ 801 1$bMiAaPQ 801 2$bMiAaPQ 906 $aBOOK 912 $a9910783074903321 996 $aIdeology, politics, and language policies$93682558 997 $aUNINA LEADER 03186nam 22006615 450 001 9910380742403321 005 20251116225238.0 010 $a3-030-34560-2 024 7 $a10.1007/978-3-030-34560-0 035 $a(CKB)4100000010348961 035 $a(DE-He213)978-3-030-34560-0 035 $a(MiAaPQ)EBC6109952 035 $a(PPN)242981496 035 $a(iGPub)SPNA0065515 035 $a(EXLCZ)994100000010348961 100 $a20200207d2020 u| 0 101 0 $aeng 135 $aurnn|008mamaa 181 $ctxt$2rdacontent 182 $cc$2rdamedia 183 $acr$2rdacarrier 200 10$aArctic Plants of Svalbard $eWhat We Learn From the Green in the Treeless White World /$fby Yoo Kyung Lee 205 $a1st ed. 2020. 210 1$aCham :$cSpringer International Publishing :$cImprint: Springer,$d2020. 215 $a1 online resource (XIV, 107 p. 66 illus., 63 illus. in color.) 311 08$a3-030-34559-9 320 $aIncludes bibliographical references and index. 327 $aChapter 1. Arctic Tundra: Where There Are No Trees -- Chapter 2. Arctic Is Not One -- Chapter 3. Arctic Plants in Different Tundras -- Chapter 4. Arctic Plants in Svalbard- Who are they and what do they do?/Svalbard, cold shore -- Chapter 5. The Past Shows the Future. 330 $aThe Arctic is a special world. The Arctic Ocean is covered by white sea ice, and its margins are surrounded by bare terrestrial regions, known as tundra. Tundra is a cold and dry environment without trees, but even in the absence of trees, tundra plants such as dwarf shrubs, grasses, herbs and moss support the harsh environment by providing sustenance and shelter. This book introduces representative arctic plants and their function in Svalbard, revealing the unique tundra ecosystem, and discussing the direct and indirect effects of climate change in the Arctic. 606 $aPlant ecology 606 $aNature 606 $aEcology 606 $aPlants$vClassification 606 $aPlants$vClassification 606 $aNature conservation 606 $aPlant Ecology$3https://scigraph.springernature.com/ontologies/product-market-codes/L19112 606 $aPopular Science in Nature and Environment$3https://scigraph.springernature.com/ontologies/product-market-codes/Q16000 606 $aPlant Systematics/Taxonomy/Biogeography$3https://scigraph.springernature.com/ontologies/product-market-codes/L24051 606 $aNature Conservation$3https://scigraph.springernature.com/ontologies/product-market-codes/U26008 615 0$aPlant ecology. 615 0$aNature. 615 0$aEcology. 615 0$aPlants 615 0$aPlants 615 0$aNature conservation. 615 14$aPlant Ecology. 615 24$aPopular Science in Nature and Environment. 615 24$aPlant Systematics/Taxonomy/Biogeography. 615 24$aNature Conservation. 676 $a016.5819481 700 $aLee$b Yoo Kyung$4aut$4http://id.loc.gov/vocabulary/relators/aut$01061732 801 0$bMiAaPQ 801 1$bMiAaPQ 801 2$bMiAaPQ 906 $aBOOK 912 $a9910380742403321 996 $aArctic Plants of Svalbard$92519916 997 $aUNINA